La Migración internacional en Centroamérica y su evolución reciente /
Analiza las tendencias en los patrones migratorio de los centroamericanos a partir del decenio de 1980. Rev/PAG
Salvato in:
| Autore principale: | |
|---|---|
| Natura: | testo |
| Soggetti: | |
| Tags: |
Aggiungi Tag
Nessun Tag, puoi essere il primo ad aggiungerne!!
|
MARC
| LEADER | 00000 a a2200000 04500 | ||
|---|---|---|---|
| 001 | 15626 | ||
| 003 | |||
| 040 | |||
| 100 | |a Castillo, Manuel Angel | ||
| 245 | |a La Migración internacional en Centroamérica y su evolución reciente / |c Manuel Angel Castillo | ||
| 520 | |a Analiza las tendencias en los patrones migratorio de los centroamericanos a partir del decenio de 1980. Rev/PAG | ||
| 650 | |a MIGRANTES | ||
| 650 | |a INMIGRANTES | ||
| 650 | |a MIGRACION INTERNACIONAL | ||
| 650 | |a ANALISIS HISTORICO | ||
| 773 | |g número 40; páginas 27-56 | ||
| 999 | |c 34171 |d 34171 | ||
